000 00655nam a2200193Ia 4500
005 20250508160957.0
008 008 250505s9999 xx 000 0 eng d
037 _aReference
040 _aFEDL
_beng
_cFEDL
041 _aeng
_2eng
084 _a371.2603, ENC
_qFEDL
100 _aAnderson Scarvia B
_9769914
245 0 _aEncyclopedia of educational evaluation: Concepts and techniques for evluating education and training programs
260 _aSan Francisco
_bJossey- Bass Publishers
_c1975
300 _axxiii,515p
700 _a Ball Samuel Murphy Richard T
_9769915
942 _cREF
_h371.2603, ENC
999 _c1367723
_d1367723